Protest in post-independence Indian English fiction / (Record no. 55127)

MARC details
000 -LEADER
fixed length control field 00925nam a22002657a 4500
005 - DATE AND TIME OF LATEST TRANSACTION
control field 20110810094129.0
008 - FIXED-LENGTH DATA ELEMENTS--GENERAL INFORMATION
fixed length control field 110810t xxu||||| |||| 00| 0 eng d
010 ## - LCCN (DPL NO)
LC control number ENG-103266
020 ## - INTERNATIONAL STANDARD BOOK NUMBER
Terms of availability 395.00
International Standard Book Number 9788185234236
020 ## - INTERNATIONAL STANDARD BOOK NUMBER
Terms of availability 395.00
International Standard Book Number 818523423x
035 ## - SYSTEM CONTROL NUMBER
System control number EN-86799
037 ## - SOURCE OF ACQUISITION
Source of stock number/acquisition DBAD/PUB
040 ## - CATALOGING SOURCE
Original cataloging agency DPL
Language of cataloging Eng
082 ## - DEWEY DECIMAL CLASSIFICATION NUMBER
Classification number 823.09
100 ## - MAIN ENTRY--PERSONAL NAME
9 (RLIN) 31629
Personal name Sharma, Krishana
245 ## - TITLE STATEMENT
Title Protest in post-independence Indian English fiction /
Statement of responsibility, etc by Krishana Sharma
260 ## - PUBLICATION, DISTRIBUTION, ETC. (IMPRINT)
Place of publication, distribution, etc Jaipur
Name of publisher, distributor, etc M.R. International
Date of publication, distribution, etc 2010(repr.)
270 ## - ADDRESS
Address O-16, Malviya Marg, C-Scheme
City Jaipur
Postal code 302001
300 ## - PHYSICAL DESCRIPTION
Extent 182,xiiip.
Dimensions 22cm (Hb)
500 ## - GENERAL NOTE
General note Includes bibliographical references
650 ## - SUBJECT ADDED ENTRY--TOPICAL TERM
9 (RLIN) 31639
700 ## - ADDED ENTRY--PERSONAL NAME
9 (RLIN) 31640
942 ## - ADDED ENTRY ELEMENTS (KOHA)
Source of classification or shelving scheme Dewey Decimal Classification
Item type English Books
Call number suffix SHA
Classification part 823.09
Holdings
Withdrawn status Lost status Source of classification or shelving scheme Damaged status Not for loan Collection code Home library Current library Date acquired Source of acquisition Cost, normal purchase price Total Checkouts Full call number Barcode Date last seen Copy number Cost, replacement price Koha item type
    Dewey Decimal Classification   Not For Loan Non-fiction D.B.Act.Division D.B.Act.Division 10/08/2011 DBAD/PUB 395.00   823.09 SHA EN-86799 10/08/2011 1 395.00 English Books

© Delhi Public Library
Hit Counter
free hit counter